Spiritual writers of the Middle Ages.

Bibliographic Details
Main Author: Sitwell, Gerard
Format: Book
Language:English
Published: New York : Hawthorn Books, [1961]
Edition:[1st ed.].
Series:Twentieth century encyclopedia of Catholicism, v. 40. Section 4: The means of redemption
Subjects:

MARC

Tag First Indicator Second Indicator Subfields
LEADER 00000cam a2200000 4500
001 in00000056311
005 20151007081850.0
008 720613s1961 nyu 00000 eng
010 |a  61015610  
035 |a (OCoLC)00331024 
035 |9 AAF7026AM 
040 |a DLC  |c ATO  |d OCL  |d TXA  |d UtOrBLW 
049 |a TXAM  |c [343660] 
050 0 |a BV4818  |b .S55 
082 0 |a 242 
092 |a 242.09  |b S623s 
100 1 |a Sitwell, Gerard. 
245 1 0 |a Spiritual writers of the Middle Ages. 
250 |a [1st ed.]. 
264 1 |a New York :  |b Hawthorn Books,  |c [1961] 
300 |a 144 pages ;  |c 21 cm. 
336 |a text  |b txt  |2 rdacontent 
337 |a unmediated  |b n  |2 rdamedia 
338 |a volume  |b nc  |2 rdacarrier 
490 0 |a Twentieth century encyclopedia of Catholicism, v. 40. Section 4: The means of redemption 
650 0 |a Devotional literature  |x History and criticism. 
999 |a MARS 
999 f f |s e8333dfb-d02a-3d82-a6b0-fe94f8d27cf7  |i b4b77c89-84ae-3bbd-95f1-42c430edf406  |t 0 
952 f f |p ric  |a Texas A&M University  |b Rellis Campus  |c Joint Library Facility  |d Remote Storage  |t 0  |e BV4818 .S55  |h Library of Congress classification  |i unmediated -- volume  |m A14800610276 
998 f f |a BV4818 .S55  |t 0  |l Remote Storage